Série de victoire du XV de France – 2021- 2023. - Statistiques

Statistiques générales
  • Ce quiz a été pris 395 fois
  • Le résultat moyen est 10 sur 14
Statistiques - réponses
Adversaire % Correct
Italie
95%
Afrique du Sud
79%
Écosse
77%
Italie
76%
Nouvelle-Zélande
76%
Angleterre
76%
Pays de Galles
76%
Irlande
76%
Australie
75%
Japon
74%
Japon
68%
Japon
66%
Argentine
62%
Géorgie
54%
Aucun quiz correspondant
Distribution des résultats
% des personnes avec chaque résultat
Percentile par nombre de réponses
Votre historique - résultats
Vous n’avez pas pris ce quiz